| 000 | 00860nam a22002777a 4500 | ||
|---|---|---|---|
| 003 | CHAP | ||
| 005 | 20220817041801.0 | ||
| 008 | 971013s1971 r 00010 d | ||
| 010 | _a24409 | ||
| 011 | _a25381 | ||
| 035 | _a29481 | ||
| 040 | _cCHAP | ||
| 090 | _aFolleto 9489 | ||
| 110 |
_aComité Interestatal para el Desarrollo de la Sierra Occidental. Tepic, Nay _925879 |
||
| 245 |
_aPlan Huicot vocalía ejecutiva _b: informe |
||
| 260 |
_aTepic, Nay. : _bEl Comité, _c1971 |
||
| 300 |
_a32 p. _b: ilus. |
||
| 590 |
_aBATCH-UPD _b10 _c20130110 _lUCH01 _h2038 |
||
| 590 |
_aBATCH-UPD _b10 _c20130410 _lUCH01 _h1352 |
||
| 590 |
_aBATCH-UPD _b10 _c20130914 _lUCH01 _h1632 |
||
| 590 |
_aCONVERSION _b10 _c20130109 _lUCH01 _h1314 |
||
| 650 | 1 | 4 | _aIndios de México. |
| 901 | _aBK | ||
| 942 | _cFOLL | ||
| 949 |
_aFolleto 9489 _bBC _cFOLL _d-68193 _eTS1 _i29481 _mD _si |
||
| 999 |
_c24409 _d24409 |
||